Rúbricas del misal romano reformado, para que con más facilidad puedan instruirse en ellas todos los eclesiásticos

Detalles Bibliográficos
Autor principal: GALINDO, Gregorio
Formato: Libro
Publicado: Madrid 1863
Materias:
Colección:Banco de datos
Acervo:Biblioteca del Ex Convento de Nuestra Señora de Guadalupe. Zacatecas
Tema general:Liturgia
Notas:Buena. IV,10,6(1303). Sin marca de fuego
LEADER 00775nam a22001930004500
035 |a 40548 
036 |a 1732 
100 1 |a GALINDO, Gregorio 
245 1 0 |a Rúbricas del misal romano reformado, para que con más facilidad puedan instruirse en ellas todos los eclesiásticos 
260 |a Madrid  |b Imprenta de la compañía de impresores y libreros  |c 1863 
500 |a Buena. IV,10,6(1303). Sin marca de fuego 
650 1 0 |a Liturgia 
949 |a CRZ-CG 
959 |a Ex convento de Nuestra Señora de Guadalupe, Museo Regional de Zacatecas, Zacatecas  |b CCC4 
960 |a Convento de Nuestra Señora de Guadalupe, Zacatecas  |b DD87 
961 |a Franciscana  |b OF 
942 |c CRZ-CG 
943 |g Biblioteca del Ex Convento de Nuestra Señora de Guadalupe. Zacatecas 
999 |c 964675  |d 964675